000 00765nam a2200253Ia 4500
005 20260429111932.0
008 260429s9999||||xx |||||||||||||| ||und||
020 _a9780199639632
041 _aEnglish
082 _a346.048
_bODA
100 _aOdagiri, Hiroyuki
245 0 _aIntellectual property rights, development, and catch up :
_ban international comparative study /
_cHiroyuki Odagiri
250 _a1st ed.
260 _aNew York :
_bOxford University Press,
_c2010.
300 _axii, 451 p.; pbk
650 _a Comparative law
650 _a Economic development
650 _a Patent law
650 _aIntellectual property rights
700 _a Goto, Akira
700 _a Nelson, Richard R.
700 _a Sunami, Atsushi
942 _cTB
999 _c51506
_d51506